<?xml version="1.0" encoding="UTF-8"?>
<record
    xmlns:xsi="http://www.w3.org/2001/XMLSchema-instance"
    xsi:schemaLocation="http://www.loc.gov/MARC21/slim http://www.loc.gov/standards/marcxml/schema/MARC21slim.xsd"
    xmlns="http://www.loc.gov/MARC21/slim">

  <leader>00635nam a22001937a 4500</leader>
  <controlfield tag="003">CUTN</controlfield>
  <controlfield tag="005">20260421153806.0</controlfield>
  <controlfield tag="008">260421b        |||||||| |||| 00| 0 eng d</controlfield>
  <datafield tag="020" ind1=" " ind2=" ">
    <subfield code="a">9789388050371</subfield>
  </datafield>
  <datafield tag="041" ind1=" " ind2=" ">
    <subfield code="a">Tamil</subfield>
  </datafield>
  <datafield tag="082" ind1=" " ind2=" ">
    <subfield code="2">23rd</subfield>
    <subfield code="a">894.8114 </subfield>
    <subfield code="b">IRA</subfield>
  </datafield>
  <datafield tag="100" ind1=" " ind2=" ">
    <subfield code="a">&#xB87;&#xBB1;&#xBC8;&#xBAF;&#xBA9;&#xBCD;&#xBAA;&#xBC1;, &#xBB5;&#xBC6;.</subfield>
  </datafield>
  <datafield tag="245" ind1=" " ind2=" ">
    <subfield code="a">&#xBAA;&#xBA4;&#xBCD;&#xBA4;&#xBBE;&#xBAF;&#xBBF;&#xBB0;&#xBAE;&#xBCD; &#xBAE;&#xBC8;&#xBB2;&#xBCD; &#xBAA;&#xBAF;&#xBA3;&#xBAE;&#xBCD;</subfield>
  </datafield>
  <datafield tag="250" ind1=" " ind2=" ">
    <subfield code="a">&#xBAE;&#xBC1;&#xBA4;&#xBB1;&#xBCD;&#xBAA;&#xBA4;&#xBBF;&#xBAA;&#xBCD;&#xBAA;&#xBC1;</subfield>
  </datafield>
  <datafield tag="260" ind1=" " ind2=" ">
    <subfield code="a">&#xB9A;&#xBC6;&#xBA9;&#xBCD;&#xBA9;&#xBC8;:</subfield>
    <subfield code="b">&#xBA8;&#xBBF;&#xBAF;&#xBC2; &#xB9A;&#xBC6;&#xB9E;&#xBCD;&#xB9A;&#xBC1;&#xBB0;&#xBBF; &#xBAA;&#xBC1;&#xB95;&#xBCD; &#xBB9;&#xBB5;&#xBC1;&#xBB8;&#xBCD;, </subfield>
    <subfield code="c">2022.</subfield>
  </datafield>
  <datafield tag="300" ind1=" " ind2=" ">
    <subfield code="a">302 p.; pbk</subfield>
  </datafield>
  <datafield tag="650" ind1=" " ind2=" ">
    <subfield code="a">&#xB95;&#xB9F;&#xBCD;&#xB9F;&#xBC1;&#xBB0;&#xBC8;&#xB95;&#xBB3;&#xBCD;</subfield>
  </datafield>
  <datafield tag="942" ind1=" " ind2=" ">
    <subfield code="2">ddc</subfield>
    <subfield code="c">TAM</subfield>
  </datafield>
  <datafield tag="999" ind1=" " ind2=" ">
    <subfield code="c">51120</subfield>
    <subfield code="d">51120</subfield>
  </datafield>
</record>
